MULLA PRINCIPLES MAHOMEDAN LAW (Record no. 10528)

MARC details
000 -LEADER
fixed length control field 00353nam a22001577a 4500
003 - CONTROL NUMBER IDENTIFIER
control field SGT
020 ## - INTERNATIONAL STANDARD BOOK NUMBER
International Standard Book Number 9789351431497
082 ## - DEWEY DECIMAL CLASSIFICATION NUMBER
Classification number 340,MUL
100 ## - MAIN ENTRY--PERSONAL NAME
Personal name MULLA, DINSHAW FARDUNJI
245 ## - TITLE STATEMENT
Title MULLA PRINCIPLES MAHOMEDAN LAW
250 ## - EDITION STATEMENT
Edition statement 20TH
260 ## - PUBLICATION, DISTRIBUTION, ETC. (IMPRINT)
Place of publication, distribution, etc GURGAON
Name of publisher, distributor, etc LEXIS NEXIS
Year of Publication 2014
300 ## - PAGE DESCRIPTION
No. of Pages 645
650 ## - SUBJECT ADDED ENTRY--TOPICAL TERM
Topical term or geographic name as entry element MAHOMEDAN LAW
942 ## - ADDED ENTRY ELEMENTS (KOHA)
Source of classification or shelving scheme Dewey Decimal Classification
Koha item type Books
942 ## - ADDED ENTRY ELEMENTS (KOHA)
-- 5
Holdings
Withdrawn status Lost status Source of classification or shelving scheme Damaged status Not for loan Collection code Home library Current library Shelving location Date acquired Vendor Name Cost, normal purchase price SGTU Bill Number Full call number Accession No. (Barcode) Date last seen Bill Date Koha item type Total Checkouts Date last borrowed
    Dewey Decimal Classification   Not For Loan LAW SGT Science & Social Sciences Library SGT Science & Social Sciences Library Reference Book 20/01/2017 COMMERICAL BOOK HOUSE 1050.00 SGTU 830 340,MUL FL1334 20/01/2017 16/07/2015 Books    
    Dewey Decimal Classification     LAW SGT Science & Social Sciences Library SGT Science & Social Sciences Library Text Book 20/01/2017 COMMERICAL BOOK HOUSE 1050.00 SGTU 830 340,MUL FL1335 30/07/2025 16/07/2015 Books 3 14/07/2025
    Dewey Decimal Classification     LAW SGT Science & Social Sciences Library SGT Science & Social Sciences Library Text Book 20/01/2017 COMMERICAL BOOK HOUSE 1050.00 SGTU 830 340,MUL FL1336 02/07/2022 16/07/2015 Books 4 28/05/2022
    Dewey Decimal Classification     LAW SGT Science & Social Sciences Library SGT Science & Social Sciences Library Text Book 20/01/2017 COMMERICAL BOOK HOUSE 1050.00 SGTU 830 340,MUL FL1337 07/04/2025 16/07/2015 Books 2 24/03/2025
    Dewey Decimal Classification     LAW SGT Science & Social Sciences Library SGT Science & Social Sciences Library Text Book 20/01/2017 COMMERICAL BOOK HOUSE 1050.00 SGTU 830 340,MUL FL1338 24/04/2025 16/07/2015 Books 2 10/04/2025